Argentyńczycy w Manchesterze United - Statystyki

Ogólne statystyki
  • Ten quiz został rozwiązany 87 razy
  • Średni wynik to 7 z 8
Answers on the Grid
Answers color-coded by a green-red scale on the quiz's grid according to % correct below.
Marcos Rojo
Sergio Aguero
Gonzalo Higuain
Hernán Crespo
Alejandro Garnacho
Lisandro Martinez
Sergio Romero
Carlos Alcaraz
Giovani Lo Celso
Martín Demichelis
Ángel Di María
Esteban Cambiasso
Juan Román Riquelme
Carlos Tevez
Gabriel Heinze
Juan Sebastián Verón
 
Statystyki odpowiedzi
Odpowiedź % Poprawnych
Alejandro Garnacho
93%
Ángel Di María
89%
Marcos Rojo
89%
Carlos Tevez
88%
Lisandro Martinez
85%
Juan Sebastián Verón
80%
Sergio Romero
68%
Gabriel Heinze
60%
Nie znaleziono quizów pasujących do podanych kryteriów
Rozkład punktacji
Procent ludzi z każdym wynikiem
Percentyl według liczby udzielonych odpowiedzi
Twoja historia wyników
Nie rozwiązałeś tego quizu